Über Begriffe und Methoden der Psychoanalyse
| Main Author: | |
|---|---|
| Format: | Print Book |
| Language: | German |
| Published: |
Bern Stuttgart Wien
Huber
1975
|
| In: | Year: 1975 |
| Online Access: |
Table of Contents Table of Contents |
| Availability in Tübingen: | Present in Tübingen. IFK: M II 108 |
| Check availability: | HBZ Gateway |
| Subito Delivery Service: | Order now. |
| Keywords: |
MARC
| LEADER | 00000cam a2200000 c 4500 | ||
|---|---|---|---|
| 001 | 115077359 | ||
| 003 | DE-627 | ||
| 005 | 20260206194816.0 | ||
| 007 | tu | ||
| 008 | 921126s1975 sz ||||| 00| ||ger c | ||
| 010 | |a 75502239 | ||
| 015 | |a 75,A15,0810 |2 dnb | ||
| 016 | 7 | |a 750152451 |2 DE-101 | |
| 020 | |a 3456800452 |9 3-456-80045-2 | ||
| 035 | |a (DE-627)115077359 | ||
| 035 | |a (DE-603)025012088 | ||
| 035 | |a (DE-576)004519523 | ||
| 035 | |a (DE-599)GBV115077359 | ||
| 035 | |a (OCoLC)251803058 | ||
| 035 | |a (OCoLC)02283593 | ||
| 040 | |a DE-627 |b ger |c DE-627 |e rakwb | ||
| 041 | |a ger | ||
| 044 | |c XA-CH |c XA-DE |c XA-AT | ||
| 050 | 0 | |a RC509 | |
| 082 | 0 | |a 616.8/917/08 | |
| 082 | 0 | |a 616.891708 |q LoC |2 DDCoclc | |
| 084 | |a 17a |2 sdnb | ||
| 084 | |a CC 6600 |2 rvk |0 (DE-625)rvk/17661: | ||
| 084 | |a PH 9020 |2 rvk |0 (DE-625)rvk/136530: | ||
| 084 | |a YH 7900 |2 rvk |0 (DE-625)rvk/153582:12905 | ||
| 084 | |a CU 2000 |2 rvk |0 (DE-625)rvk/19081: | ||
| 084 | |2 rvk |0 (DE-625)rvk17661 | ||
| 100 | 1 | |a Loch, Wolfgang |d 1915-1995 |0 (DE-588)119264382 |0 (DE-627)080068839 |0 (DE-576)162017014 |4 aut | |
| 109 | |a Loch, Wolfgang 1915-1995 |a Loch, Vol'fgang 1915-1995 | ||
| 245 | 1 | 0 | |a Über Begriffe und Methoden der Psychoanalyse |c Wolfgang Loch |
| 264 | 1 | |a Bern |a Stuttgart |a Wien |b Huber |c 1975 | |
| 300 | |a 230 S |c 22 cm | ||
| 336 | |a Text |b txt |2 rdacontent | ||
| 337 | |a ohne Hilfsmittel zu benutzen |b n |2 rdamedia | ||
| 338 | |a Band |b nc |2 rdacarrier | ||
| 500 | |a Literaturangaben | ||
| 583 | 1 | |a Archivierung/Langzeitarchivierung gewährleistet |f PEBW |x XA-DE-BW |2 pdager |5 DE-24 | |
| 583 | 1 | |a Archivierung prüfen |c 20240324 |f DE-4165 |z 1 |2 pdager | |
| 650 | 0 | 7 | |0 (DE-588)4047689-3 |0 (DE-627)106193880 |0 (DE-576)209074361 |a Psychoanalyse |2 gnd |
| 650 | 4 | |a Psychoanalyse | |
| 650 | 4 | |a Psychologische Theorie | |
| 653 | 0 | |a a |a Psychoanalysis | |
| 655 | 7 | |a Aufsatzsammlung |0 (DE-588)4143413-4 |0 (DE-627)105605727 |0 (DE-576)209726091 |2 gnd-content | |
| 856 | 4 | 2 | |u https://swbplus.bsz-bw.de/bsz004519523inh.htm |m B:DE-576;DE-352 |q application/pdf |v 20110321202553 |x Verlag |3 Inhaltsverzeichnis |7 1 |
| 856 | 4 | 2 | |u http://scans.hebis.de/HEBCGI/show.pl?02501208_toc.pdf |m V:DE-576;B:DE-352 |q application/pdf |3 Inhaltsverzeichnis |7 1 |
| 889 | |w (DE-627)423879413 | ||
| 889 | |w (DE-627)438298624 | ||
| 935 | |i mdedup | ||
| 935 | |i Blocktest | ||
| 936 | r | v | |a CC 6600 |b Abhandlungen |k Philosophie |k Systematische Philosophie |k Philosophische Anthropologie |k Abhandlungen |0 (DE-627)1270639021 |0 (DE-625)rvk/17661: |0 (DE-576)200639021 |
| 936 | r | v | |a PH 9020 |b Strafjustiz; Strafverfahren; Rechtsmedizin; Gerichtlicher Sachverständiger; Gerichtliche Psychiatrie; Kriminalpsychiatrie; Gerichtliche Psychologie; Aussagepsychologie |k Rechtswissenschaft |k Strafrecht, Strafverfahrensrecht, Kriminologie |k Kriminologie |k Strafverfahren und Strafvollzug; Empirische Bezugswissenschaften zur Kriminalrechtspflege; Forschung zu strafrechtlicher Sozialkontrolle |k Strafjustiz; Strafverfahren; Rechtsmedizin; Gerichtlicher Sachverständiger; Gerichtliche Psychiatrie; Kriminalpsychiatrie; Gerichtliche Psychologie; Aussagepsychologie |0 (DE-627)1271677156 |0 (DE-625)rvk/136530: |0 (DE-576)201677156 |
| 936 | r | v | |a YH 7900 |b Allgemeines |k Medizin |k Psychiatrie, Medizinische Psychologie |k Spezielle Psychiatrie |k Psychotherapie |k Methoden der Psychotherapie, Psychoanalyse |k Allgemeines |0 (DE-627)1270880241 |0 (DE-625)rvk/153582:12905 |0 (DE-576)200880241 |
| 936 | r | v | |a CU 2000 |b Tiefenpsychologie und Psychoanalyse, Allgemeines |k Psychologie |k Klinische Psychologie |k Tiefenpsychologie und Psychoanalyse |k Tiefenpsychologie und Psychoanalyse, Allgemeines |0 (DE-627)1270857193 |0 (DE-625)rvk/19081: |0 (DE-576)200857193 |
| 936 | r | v | |0 (DE-625)rvk17661 |
| 936 | s | n | |a c100 |2 mzub |
| 936 | s | n | |a c200 |2 mzub |
| 936 | s | n | |a p100 |2 mzub |
| 936 | s | n | |a w200 |2 mzub |
| 951 | |a BO | ||
| ELC | |b 1 | ||
| LOK | |0 000 xxxxxcx a22 zn 4500 | ||
| LOK | |0 001 3092076966 | ||
| LOK | |0 003 DE-627 | ||
| LOK | |0 004 115077359 | ||
| LOK | |0 005 20020607000000 | ||
| LOK | |0 008 921209||||||||||||||||ger||||||| | ||
| LOK | |0 040 |a DE-21-110 |c DE-627 |d DE-21-110 | ||
| LOK | |0 852 |a DE-21-110 | ||
| LOK | |0 852 1 |c M II 108 |m p |9 00 | ||
| LOK | |0 935 |a k110 | ||
| LOK | |0 936ln |a 8.7.2 | ||
| LOK | |0 938 |k p | ||
| LOK | |0 939 |a 09-12-92 |b l01 | ||
| ORI | |a SA-MARC-krimdoka001.raw | ||
| SIG | |a IFK: M II 108 | ||
